Dvaadvacet centimetrů něžnosti /

Hlavní autor: Simmel, Johannes Mario, 1924-2009
Další autoři: Tesař, René J., 1930-2012
Jazyk: Čeština
Vydáno: V Praze : Ikar, 2008
Vydání: Vyd. 3.
Témata:
Fyzický popis: 247 s. ; 21 cm
Knihy
Uloženo v:
LEADER 01263nam a2200361 a 4500
001 nkc20081785488
003 CZ PrNK
005 20080709133744.0
007 ta
008 080107s2008 xr g 000 j cze
015 |a cnb001785488 
020 |a 978-80-249-1024-6  |q (váz.) 
035 |a (OCoLC)236553193 
040 |a OLA001  |b cze  |d ABA001 
041 1 |a cze  |h ger 
072 7 |a 821.112.2-3  |x Německá próza, německy psaná  |2 Konspekt  |9 25 
080 |a 821.112.2(436)-32  |2 MRF 
080 |a (0:82-32)  |2 MRF 
100 1 |a Simmel, Johannes Mario,  |d 1924-2009  |7 jn20000605033  |4 aut 
245 1 0 |a Dvaadvacet centimetrů něžnosti /  |c Johannes Mario Simmel ; [z německého originálu ... přeložil René J. Tesař] 
250 |a Vyd. 3. 
260 |a V Praze :  |b Ikar,  |c 2008 
300 |a 247 s. ;  |c 21 cm 
655 7 |a rakouské povídky  |7 fd133221  |2 czenas 
655 9 |a Austrian short stories  |2 eczenas 
700 1 |a Tesař, René J.,  |d 1930-2012  |7 jn20000402347  |4 trl 
765 0 |t Zweiundzwanzig Zentimeter Zärtlichkeit  |9 Česky 
910 2 |a BOA001  |b 2-1203.618 
928 9 |a Euromedia Group - Ikar 
990 |a BK 
995 |a 01 
991 |b 200805 
996 6 |b 2610342165  |c 2-1203.618  |l MZK  |r Sklad / do 1 hodiny  |n 0  |p p.v.  |w 000895115  |u 000010  |a 1  |e BOA001  |j MZK50  |s P